Missing Word: Acrostic Britney Spears Songs Quiz Stats

 Plays Quiz Updated Aug 4, 2019

Score 0/13 Timer 03:00
1 Play Today
Song Title Missing Word % Correct
...____ One More TimeBaby
97.9%
Oops!... I Did It ____Again
97.3%
(I Can't Get ____) SatisfactionNo
94.9%
Till the World ____Ends
91.7%
I'm Not a Girl, Not ____ a WomanYet
91.2%
____ U Seek AmyIf
81.7%
I ____ AwayRun
75.2%
I'm a ____ 4 USlave
72.4%
____ of MePiece
72%
When Your ____ Say ItEyes
57.1%
____ PartySlumber
31.7%
How I ____Roll
30.6%
____ to Your HeartTrip
10%

Today's Daily Dose

You're not logged in!

Compare scores with friends on all Sporcle quizzes.
OR
Log In

Sporcle TV

Today on Sporcle TV


Watch our educational content, quiz creation guides, and fun videos on Sporcle TV.

Show Comments

Extras

Top Quizzes Today


Score Distribution

Your Account Isn't Verified!

In order to create a playlist on Sporcle, you need to verify the email address you used during registration. Go to your Sporcle Settings to finish the process.

Report this User

Report this user for behavior that violates our Community Guidelines.

Details: